000 00802nam a22002057a 4500
003 0
005 20250213154713.0
008 250213b xxu||||| |||| 00| 0 eng d
050 _aBF 575.H27
_b.D37 2024
100 _aDaquila, Ma. Carmela S.
245 _aExamining the relationship between physical activity and happiness among retired filipinos
_cMa. Carmela S. Daquila
260 _aLas Pinas City
_bSouthville International School and Colleges
_c2024
300 _ax, 208 pages;
_c28cm.
500 _aBachelor of Science in Psychology.
504 _aIncludes bibliographical references and appendices.
650 _aPhysical Activity—Well-Being, Retirees of.
650 _aHappiness—Older Adults.
650 _aRetirement—Health and wellness -- Physical activity.
942 _2lcc
_cTH
999 _c367213
_d367213